000 00400nam a2200169 4500
003 SEACOMMC
005 20240422132132.0
008 240422b |||||||| |||| 00| 0 eng d
020 _c195.00
040 _aSEACOMMC
082 _a519.5
_bG977
100 _aGupta,C.B.
245 1 _aQuantitative Methods
_cC.B. Gupta
260 _aNew Delhi
_bAsian Books
_c2007
650 _aMathematics
942 _cBOOK
999 _c534
_d534